Akademische sternkanter fur der gutetel des Himmels (Record no. 467)

MARC details
000 -LEADER
fixed length control field 00630nam a2200181Ia 4500
003 - CONTROL NUMBER IDENTIFIER
control field IN-BaIIA
005 - DATE AND TIME OF LATEST TRANSACTION
control field 20250707092333.0
008 - FIXED-LENGTH DATA ELEMENTS--GENERAL INFORMATION
fixed length control field 211028s9999 xx 000 0 eng d
040 ## - CATALOGING SOURCE
Transcribing agency IIA Library
080 ## - UNIVERSAL DECIMAL CLASSIFICATION NUMBER
Universal Decimal Classification number (084.3)524.3
Item number AKA
110 ## - MAIN ENTRY--CORPORATE NAME
Corporate name or jurisdiction name as entry element Deutsche Akademie der Wissenschaften zu Berlin
9 (RLIN) 1078
245 #0 - TITLE STATEMENT
Title Akademische sternkanter fur der gutetel des Himmels
Remainder of title vol. 15, sudlicher bis 150 nordlicks abweichung noch bersels vorchlag
Statement of responsibility, etc. Deutsche Akademie der Wissenschaften zu Berlin
260 ## - PUBLICATION, DISTRIBUTION, ETC.
Place of publication, distribution, etc. Berlin
Name of publisher, distributor, etc. Dummler's Verlags-Buchhandlung
Date of publication, distribution, etc. 1859
650 ## - SUBJECT ADDED ENTRY--TOPICAL TERM
Topical term or geographic name entry element Atlas
650 ## - SUBJECT ADDED ENTRY--TOPICAL TERM
Topical term or geographic name entry element Charts
9 (RLIN) 1079
650 ## - SUBJECT ADDED ENTRY--TOPICAL TERM
Topical term or geographic name entry element Stars
942 ## - ADDED ENTRY ELEMENTS (KOHA)
Koha item type Books
Source of classification or shelving scheme Dewey Decimal Classification
Holdings
Withdrawn status Lost status Source of classification or shelving scheme Damaged status Not for loan Home library Current library Shelving location Date acquired Total Checkouts Full call number Barcode Date last seen Price effective from Koha item type Purchase Price
    Dewey Decimal Classification     IIA Library-Bangalore IIA Library-Kodaikanal General Stacks     (084.3)524.3/ AKA 481 05/11/2021   Books  

Powered by Koha